Specialized versus multi-skilled workforce: a newsboy approach for call centre resource planning (Record no. 112224)

000 -LEADER
fixed length control field 00460pab a2200157 454500
008 - FIXED-LENGTH DATA ELEMENTS--GENERAL INFORMATION
fixed length control field 180718b2015 xxu||||| |||| 00| 0 eng d
100 ## - MAIN ENTRY--PERSONAL NAME
Personal name Bose, Dipankar
245 ## - TITLE STATEMENT
Title Specialized versus multi-skilled workforce: a newsboy approach for call centre resource planning
260 ## - PUBLICATION, DISTRIBUTION, ETC.
Date of publication, distribution, etc. 2015
300 ## - PHYSICAL DESCRIPTION
Extent p.252-267.
362 ## - DATES OF PUBLICATION AND/OR SEQUENTIAL DESIGNATION
Dates of publication and/or sequential designation Aug and Nov
650 ## - SUBJECT ADDED ENTRY--TOPICAL TERM
Topical term or geographic name entry element Call centre
700 ## - ADDED ENTRY--PERSONAL NAME
Personal name Chatterjee, A.K.
773 ## - HOST ITEM ENTRY
Main entry heading Management and Labour Studies
909 ## -
-- 112229
Holdings
Withdrawn status Lost status Damaged status Not for loan Permanent Location Current Location Date acquired Serial Enumeration / chronology Barcode Date last seen Price effective from Koha item type
        Indian Institute of Public Administration Indian Institute of Public Administration 2018-07-19 Volume no: 40, Issue no: 3-4 AR112689 2018-07-19 2018-07-19 Articles

Powered by Koha